000 00712nam a2200253Ia 4500
003 OSt
005 20220926011705.0
006 a|||||r|||| 00| 0
007 ta
008 220923b |||||||| |||| 00| 0 eng d
020 _a0122765508
037 _cGeneral Book
040 _aRTL
_cRTL
_beng
041 _2eng
_aeng
082 _aT4:(X:6).73.N7, M0
100 _aGARVIN David A
_9314742
245 0 _aEconomics of university behaviour
260 _aNew York
_bAcademic Press U S A
_c1980
300 _axv,176p.
_ccm.
500 _aBib p. 162-68
650 _aEudcation - University
_9230432
942 _hT4:(X:6).73.N7, M0
_cGB
_2CC
999 _c620725
_d620725